| 000 | 00693nam a2200217Ia 4500 | ||
|---|---|---|---|
| 003 | OSt | ||
| 005 | 20260128113511.0 | ||
| 008 | 220923b |||||||| |||| 00| 0 eng d | ||
| 020 | _a8121923085 | ||
| 037 | _cTextbook | ||
| 040 |
_aRTL _cRTL _beng |
||
| 041 |
_2eng _aeng |
||
| 084 |
_aX:8F P3/TD _qRTL |
||
| 100 |
_aJawahar, Lal _927967 |
||
| 245 | 0 |
_aAdvanced management accounting: Text and cases _b |
|
| 260 |
_a New Delhi _bS Chand _c2003 |
||
| 300 |
_axvii, various pagination _bincludes bibliographical references and index |
||
| 650 |
_aCommerce _91112354 |
||
| 942 |
_hX:8F, P3/TD _cTB _2CC _n0 |
||
| 999 |
_c611953 _d611953 |
||